010220000a220015700045000010004000000410008000040820021000122450087000332600059001203000020001795050466001996500050006659420007007159520125007229990017008472540 aSPA04aR 261.91 D41313d10aDistintivos denominacionales - 1981-1983-1984 / Amparo García Peña...[et. al.] aMedellín, Colombia : Seminario Bíblico de Colombia a[pag. varía].00a- Iglesia Presbiteriana, Amparo García, Edilberto Daza, Armando Sandoval - Iglesia Interamericana de Colombia, Carlos Cabrera - Asociación de Iglesias Evangélicas de Colombia AIEC, Pablo Castro - Asociación de Iglesias Evangélicas del Magdalena ASIEMAG, Milton E Martínez - Asociación de Iglesias Evangélicas Emanuel, John Fredy Rodríguez - Centro Evangelizador La Victoria, Diego E. Pineda - Hermanos Menonitas, Crisóstomo y Beatriz Humanez14aIGLESIA - DENOMINACIONES \ IGLESIA - HISTORIA cBK 001031340708REFaFUSBCbFUSBCd2004-09-07l0oR 261.91 D41313d p8515r2025-05-31 00:00:00t1w2016-01-26yREFB0C3 c31791d31791